000 00426nam a2200169Ia 4500
005 20250311023053.0
008 240331s9999 xx 000 0 und d
020 _a8183680461
082 _bCHO
_a891
100 _aChokkan,N
245 0 _aAmbani oru vetri kadhai
250 _a2nd
260 _aChennai
_bKizhakku pathippagam
_c2005
300 _a165 p .,
500 _aA biographical sketch of Dhirubai Ambani.
942 _cL
999 _c4752
_d4752